ZEROSI C., TECNICA DELLE PREPARAZIONI DENTALI IN CONSERVATIVA E IN PROTESI (Prípravná zubná technika v záchovnom zubnom lekárstve a v protetike)

Podrobná bibliografia
Hlavný autor: Polášek, A. (Autor)
Médium: Článok
Jazyk:slovenčina

MARC

LEADER 00000nab a2200000ua 4500
001 vtls010802955
003 SK-MaSNL
005 20260303124206.0
008 230214s1967 xo |||||||||||||||||slo|
035 |a (urnnbn)urn:nbn:sk:snk:ar-a03c1h 
035 |a (uuid)24505164-2dd3-4e1e-9691-613724524c4e 
035 |a urn:nbn:sk:snk-ab570z 
040 |a SNKBUCL  |b slo  |c SNKBUCL  |e AACR2 
041 0 |a slo 
044 |a xo  |c SK 
100 1 |a Polášek, A.  |4 aut  |9 1120875 
245 1 0 |a ZEROSI C., TECNICA DELLE PREPARAZIONI DENTALI IN CONSERVATIVA E IN PROTESI (Prípravná zubná technika v záchovnom zubnom lekárstve a v protetike)  |c A. Polášek 
773 0 |t Bratislavské lekárske listy  |g Roč. 48, č. 3 (1967), s. 192 
954 |a odborná, vedecká literatúra pôvodná (slovenská)  |2 lita 
958 |a OND 
958 |a EUIPO 
958 |a article3 
999 |c 1929466  |d 1931396